Responses for show #7436 - Monday, January 2, 2017

Contestants

Katie Carter, an attorney from Oklahoma City, Oklahoma

Gavin Mulligan, a software engineer from Parker, Colorado

Mukund Marathe, a music teacher and singer from Montclair, New Jersey (whose 2-day cash winnings total $31,799)

Jeopardy! Round responses

GEOGRAPHIC FOOD & DRINK
A PEEK AT THE PARANORMAL
NFL QUARTERBACKS
SOCIAL STUDIES
HISTORIC AMERICAN QUOTES
THIS IS "WAR"!
    $200 14
Champagne

Katie
    $200 9
séances

Katie
    $200 17
peers

Katie
    $200 1
a warden

Gavin
    $400 15
(Mukund: What is Colo--um...)

Lima

MukundGavin
    $400 10
Ouija boards

Katie
    $400 7
Joe Montana

Gavin
    $400 18
the upper crust

Katie
    $400 2
the warning track

Mukund
    $600 24
Bologna

Gavin
    $600 11
doppelganger

Katie
    $600 6
Roger Staubach

Gavin
    $2,000 19
the status quo

Katie
    $600 3
warts and all

Gavin
    $800 25
Bourbon County

Triple Stumper
    $800 12
an out-of-body experience

Mukund
    $800 16
Eli and Peyton Manning

Katie
    $800 20
demography

Triple Stumper
    $800 22
the Rosenbergs

Katie
    $800 4
a warbler

Gavin
    $1000 26
[The end-of-round signal sounds.]

Cayenne

Triple Stumper
    $1000 13
ectoplasm

Mukund
    $1000 8
Fran Tarkenton

Mukund
    $1000 21
(Katie: What is the Protestant work ethic?)
...
(Alex: We have less than a minute now.)

the Protestant ethic

Katie
Triple Stumper
    $1000 23
(Gavin: Who is John Glenn?)

Alan Shepard

MukundGavin
    $1000 5
a warren

Gavin

Scores at the first commercial break (after clue 15):

Mukund Gavin Katie
$2,800 $4,000 $1,400

Scores at the end of the Jeopardy! Round:

Mukund Gavin Katie
$3,800 $3,600 $4,600

Double Jeopardy! Round responses

COMPANY "B"
FLAGS OF THE AMERICAS
TOM & GERUND
A GENRE CATEGORY
COMPLETE THE BOOK TITLE
STAR TALK WITH NEIL deGRASSE TYSON
    $400 6
Burger King

Gavin
    $400 27
the Andes

Gavin
    $400 11
blogging

Gavin
    $400 16
a situation comedy

Gavin
    $400 21
Tattoo

Katie
    $400 1
relativity

Mukund
    $800 7
Benetton

Mukund
    $800 28
flamingoes

Gavin
    $800 12
falling (or failing)

Gavin
    $800 17
robots

Gavin
    $800 22
Remember

Katie
    $800 2
Venus

Gavin
    $1,000 8
(Mukund: What is Levi's?)

Best Buy

Mukund
    $1200 26
Belize

Mukund
    $1200 13
balking

Mukund
    $1200 18
(Mukund: What is a three-piece suit?)

a tissue (or handkerchief)

MukundGavin
    $1200 23
Oceans

Triple Stumper
    $1200 3
hydrogen

Mukund
    $1600 9
(Michael) Bloomberg

Gavin
    $1600 29
[The end-of-round signal sounds.]

Colombia

Triple Stumper
    $1600 14
(Mukund: What is hiring?)
(Katie: What is housing?)

voting

MukundKatie
Triple Stumper
    $1600 19
Gladiator

Gavin
    $1600 24
Acres

Triple Stumper
    $1,000 4
(Mukund: What are tesseracts?)

wormholes

Mukund
    $2000 10
Burpee

Mukund
    $2000 15
flogging

Mukund
    $2000 20
a sandbox

Gavin
    $2000 25
(Alex: And we have less than a minute now.)

Multitudes

Katie
    $2000 5
(Alex: And I wanna thank Neil deGrasse Tyson for helping us out with that category. If you would like to watch his series, Star Talk, it airs on Mondays on the National Geographic Channel.)

near Earth objects

Gavin

Scores at the end of the Double Jeopardy! Round:

Mukund Gavin Katie
$7,800 $16,800 $6,200
(lock game)

[wagering suggestions for these scores]

Final Jeopardy! Round responses

INTERNATIONAL ORGANIZATIONS
KatieWhat is the United Nations
$6,199
MukundWhat is the League of Nations?
$3,000
GavinWhat is the United Nations?
$1,000
the League of Nations

Final scores:

Mukund Gavin Katie
$10,800 $15,800 $1
2nd place: $2,000 New champion: $15,800 3rd place: $1,000

Game dynamics:

Coryat scores:

Mukund Gavin Katie
$9,800 $16,800 $4,800
12 R,
5 W
(including 2 DDs)
21 R,
1 W
12 R
(including 1 DD),
2 W

Combined Coryat: $31,400

The J! Archive is created by fans, for fans. The Jeopardy! game show and all elements thereof, including but not limited to copyright and trademark thereto, are the property of Jeopardy Productions, Inc. and are protected under law. This website is not affiliated with, sponsored by, or operated by Jeopardy Productions, Inc. Join the discussion at JBoard.tv.